000 00477nam a2200193 a 4500
001 1766059500213
003 ACL
005 20251218173710.0
008 251218s2000##################000#0#eng##
020 _a9780140293265
082 0 4 _a641.5954
_bNAR
100 1 _aNarain, Priti,
_eauthor.
245 1 0 _aThe Essential Delhi Cookbook :
260 _bPenguin Books India,
_c2000.
300 _a308 pages
650 0 _aCooking.
942 _cENGLISH
040 _aACL
_beng
_cACL
999 _c603235
_d603235